| 000 | 01648aam a2200373 i 4500 | ||
|---|---|---|---|
| 999 |
_c46846 _d46846 |
||
| 001 | 768714001 | ||
| 003 | CO-MdFUSB | ||
| 005 | 20200827134243.0 | ||
| 007 | ta | ||
| 008 | 160926t1997 xxu||||f |||| 00| 0 eng d | ||
| 020 | _a1565631641 | ||
| 040 |
_aCO-MdFUSB _bEspañol _cCO-MdFUSB _dCO-MdFUSB _erda |
||
| 041 | _aeng | ||
| 082 |
_224 _a232.9 _bG572j |
||
| 100 | 1 |
_aGnilka, Joachim _eautor |
|
| 245 | 1 | 0 |
_aJesus of Nazareth : _bMessage and history _c/ Joachim Gnilka ; traducido por Siegfried S. Schatzmann |
| 250 | _aEdición especial | ||
| 264 | 1 |
_aPeabody, Massachusetts : _bHendrickson Publishers, _c[1997] |
|
| 264 | 4 | _c© 1997 | |
| 300 |
_axiii, 346 páginas _c; 24 cm |
||
| 336 |
_2rdacontent _atexto _btxt |
||
| 337 |
_2rdamedia _asin mediación _bn |
||
| 338 |
_2rdacarrier _avolumen _bnc |
||
| 500 | _aTítulo original en alemán: Jesus von Nazaret: Botschaft und Geschichte \ Incluye índices (p. 335-346) | ||
| 501 | _aPasta dura | ||
| 505 | _aLa cuestión de Jesús - La situación política de Israel en el tiempo de Jesús - El entorno intelectual-religioso y social de Israel en el tiempo de Jesús - Jesús en el período antes de su ministerio público - El mensaje del reino de Dios - Discípulos, discipulado, estilo de vida - Israel, el pueblo y la iglesia de Dios - La instrucción - La autoridad de Jesús en la misión - El juicio y la ejecución - Epílogo de la Pascua - Jesús, el Cristo: Una entrevista | ||
| 563 | _aTapa dura | ||
| 653 | _aCristología | ||
| 653 | _aJesucristo | ||
| 700 |
_93076 _aSchatzmann, Siegfried S. _eautor |
||
| 942 | _cBK | ||
| 945 | _aJTF-925 | ||